Stati per Densità di popolazione - 2100 - Statistics

Statistiche generali
  • Questo quiz è stato fatto 7 volte
  • Il punteggio medio è 7 su 10
Statistiche sulle risposte
Densità (popolazione per km²) Continente Nazione % Corretto
1 33 Asia Bangladesh
100%
40 305 Europa Monaco
100%
1 655 Asia Maldive
86%
7 759 Asia Singapore
86%
1 813 Europa Città del Vaticano
71%
1 142 Africa Ruanda
71%
2 955 Asia Bahrein
57%
2 122 Africa Burundi
57%
1 161 Africa Comore
43%
2 510 Asia Palestina
14%
Nessun quiz corrispondente trovato
Distribuzione punteggi
Percentuale di utenti per punteggio
Percentile per numero di risposta
I tuoi punteggi nel tempo
Non hai fatto questo quiz